The excellent trainer : (Record no. 128979)

MARC details
000 -LEADER
fixed length control field 00719nam a22002297a 4500
005 - DATE AND TIME OF LATEST TRANSACTION
control field 20170124110049.0
010 ## - LIBRARY OF CONGRESS CONTROL NUMBER
LC control number A-899697
020 ## - INTERNATIONAL STANDARD BOOK NUMBER
Terms of availability 00.00
International Standard Book Number 8172245548
035 ## - SYSTEM CONTROL NUMBER
System control number A-899697
037 ## - SOURCE OF ACQUISITION
Source of stock number/acquisition Cen Lib/Ret
040 ## - CATALOGING SOURCE
Original cataloging agency DPL
Language of cataloging EN
082 ## - DEWEY DECIMAL CLASSIFICATION NUMBER
Classification number 658.3124
Item number KAM
100 ## - MAIN ENTRY--PERSONAL NAME
Personal name Kamp, Di
9 (RLIN) 24999
245 ## - TITLE STATEMENT
Title The excellent trainer :
Statement of responsibility, etc by Di Kamp
Remainder of title putting NLP to work /
260 ## - PUBLICATION, DISTRIBUTION, ETC. (IMPRINT)
Place of publication, distribution, etc Mumbai
Name of publisher, distributor, etc Jaico Publishing House
Date of publication, distribution, etc 1998
270 ## - ADDRESS
Address 121, M. G. Road
City Mumbai
Postal code 400023
300 ## - PHYSICAL DESCRIPTION
Extent xiii,203p.
Dimensions 24cmHb)
500 ## - GENERAL NOTE
General note Includes index
650 ## - SUBJECT ADDED ENTRY--TOPICAL TERM
Topical term or geographic name as entry element Employee training personnel -- Training of -- Methodology
9 (RLIN) 25000
650 ## - SUBJECT ADDED ENTRY--TOPICAL TERM
Topical term or geographic name as entry element Neurolinguistic programming
9 (RLIN) 25001
942 ## - ADDED ENTRY ELEMENTS (KOHA)
Source of classification or shelving scheme Dewey Decimal Classification
Koha item type English Books
Classification part 658.3124
Call number suffix KAM
Holdings
Withdrawn status Lost status Damaged status Not for loan Home library Current library Date acquired Source of acquisition Cost, normal purchase price Total Checkouts Full call number Barcode Date last seen Copy number Cost, replacement price Price effective from Koha item type Public note
Written off       Central Library Central Library 04/07/2015 Cen Lib/Ret 0.00   658.3124 KAM A-899697 04/07/2015 1 0.00 04/07/2015 English Books Written off on approval by DLB (By Circulation); dtd 15-06-2023

© Delhi Public Library
Hit Counter
free hit counter